<?xml version="1.0" encoding="UTF-8"?>
<collection xmlns="http://www.loc.gov/MARC21/slim">
 <record>
  <leader>     na                 </leader>
  <controlfield tag="001">INLIS000000000858926</controlfield>
  <controlfield tag="005">20210420102119</controlfield>
  <datafield tag="035" ind1=" " ind2=" ">
   <subfield code="a">0010-0421000831</subfield>
  </datafield>
  <controlfield tag="007">ta</controlfield>
  <controlfield tag="008">210420s2020    yoia   d            ind d</controlfield>
  <datafield tag="020" ind1=" " ind2=" ">
   <subfield code="a">978-623-2061-6</subfield>
  </datafield>
  <datafield tag="040" ind1=" " ind2=" ">
   <subfield code="a">YOPDYOG</subfield>
   <subfield code="b">ind</subfield>
   <subfield code="e">rda</subfield>
  </datafield>
  <datafield tag="082" ind1="0" ind2="4">
   <subfield code="2">23</subfield>
   <subfield code="a">808.301</subfield>
  </datafield>
  <datafield tag="084" ind1=" " ind2=" ">
   <subfield code="a">808.301 RIR d</subfield>
  </datafield>
  <datafield tag="090" ind1=" " ind2=" ">
   <subfield code="a">DEP 808.301 RIR d</subfield>
  </datafield>
  <datafield tag="090" ind1=" " ind2=" ">
   <subfield code="a">CB-D.11 2020-1100</subfield>
  </datafield>
  <datafield tag="100" ind1="0" ind2=" ">
   <subfield code="a">Ririn Novianti</subfield>
   <subfield code="d">1989-</subfield>
   <subfield code="e">penulis</subfield>
   <subfield code="t">Pengalaman belajar online</subfield>
  </datafield>
  <datafield tag="245" ind1="1" ind2="0">
   <subfield code="a">#dirumahaja /</subfield>
   <subfield code="c">Ririn Novianti, Evi Sulistyaningsih, Aini Rohmah, Akhmad Sam'ani, Fortunata Angela Mbindi, Hanisa, Hapsah Hms, Hermin Datu Sapan, Indra Wahyudi, Ira Agustina, Maria Mariana Yana, Nely Yulianti, Nur aisyah, Rina Duwi Asrinii, Risna Julita, Robiah</subfield>
  </datafield>
  <datafield tag="250" ind1=" " ind2=" ">
   <subfield code="a">Cetakan pertama: Desember, 2020</subfield>
  </datafield>
  <datafield tag="300" ind1=" " ind2=" ">
   <subfield code="a">x, 146 halaman :</subfield>
   <subfield code="b">ilustrasi ;</subfield>
   <subfield code="c">20 cm</subfield>
  </datafield>
  <datafield tag="650" ind1=" " ind2="4">
   <subfield code="a">Cerita pendek--</subfield>
   <subfield code="v">kumpulan</subfield>
  </datafield>
  <datafield tag="700" ind1=" " ind2=" ">
   <subfield code="a">Evi Sulistyaningsih</subfield>
   <subfield code="d">1982-</subfield>
   <subfield code="e">penulis</subfield>
   <subfield code="t">Enigma cinta</subfield>
  </datafield>
  <datafield tag="700" ind1="0" ind2=" ">
   <subfield code="a">Aini Rohmah</subfield>
   <subfield code="d">1989-</subfield>
   <subfield code="e">penulis</subfield>
   <subfield code="t">Sepenggal kisah di balik wabah</subfield>
  </datafield>
  <datafield tag="700" ind1="0" ind2=" ">
   <subfield code="a">Nur Aisyah</subfield>
   <subfield code="d">1998-</subfield>
   <subfield code="e">penulis</subfield>
   <subfield code="t">Cita-cita kedua anisa</subfield>
  </datafield>
  <datafield tag="700" ind1="0" ind2=" ">
   <subfield code="a">Rina Duwi Asrini</subfield>
   <subfield code="e">penulis</subfield>
   <subfield code="t">Peluhku</subfield>
  </datafield>
  <datafield tag="700" ind1="0" ind2=" ">
   <subfield code="a">Risna Julita</subfield>
   <subfield code="d">1976-</subfield>
   <subfield code="e">penulis</subfield>
   <subfield code="t">Pandemi</subfield>
  </datafield>
  <datafield tag="700" ind1="0" ind2=" ">
   <subfield code="a">Robiah</subfield>
   <subfield code="d">1984-</subfield>
   <subfield code="e">penulis</subfield>
   <subfield code="t">Peluh asa menjalani karir</subfield>
  </datafield>
  <datafield tag="700" ind1="0" ind2=" ">
   <subfield code="a">Hermin Datu Sapan</subfield>
   <subfield code="d">1987-</subfield>
   <subfield code="e">penulis</subfield>
   <subfield code="t">Aku dan suasana baruku</subfield>
  </datafield>
  <datafield tag="700" ind1="0" ind2=" ">
   <subfield code="a">Indra Wahyudi</subfield>
   <subfield code="d">1979-</subfield>
   <subfield code="e">penulis</subfield>
   <subfield code="t">Semangat belajar</subfield>
  </datafield>
  <datafield tag="700" ind1="0" ind2=" ">
   <subfield code="a">Ira Agustina</subfield>
   <subfield code="d">1996-</subfield>
   <subfield code="e">penulis</subfield>
   <subfield code="t">Perjalanan hidupku menjadi mahasiswa</subfield>
  </datafield>
  <datafield tag="700" ind1="0" ind2=" ">
   <subfield code="a">Maria Mariana Yana</subfield>
   <subfield code="d">1986-</subfield>
   <subfield code="e">penulis</subfield>
   <subfield code="t">Perkuliahan di masa pandemi</subfield>
  </datafield>
  <datafield tag="700" ind1="0" ind2=" ">
   <subfield code="a">Nely Yulianti</subfield>
   <subfield code="d">1987-</subfield>
   <subfield code="e">penulis</subfield>
   <subfield code="t">Jatuh bangun menuju ke sekolah</subfield>
  </datafield>
  <datafield tag="850" ind1=" " ind2=" ">
   <subfield code="a">YOPDYOG</subfield>
  </datafield>
  <datafield tag="264" ind1="3" ind2="1">
   <subfield code="a">Sleman :</subfield>
   <subfield code="b">Deepublish,</subfield>
   <subfield code="c">2020</subfield>
  </datafield>
  <datafield tag="336" ind1=" " ind2=" ">
   <subfield code="2">rdacontent</subfield>
   <subfield code="a">teks</subfield>
  </datafield>
  <datafield tag="337" ind1=" " ind2=" ">
   <subfield code="2">rdamedia</subfield>
   <subfield code="a">tanpa perantara</subfield>
  </datafield>
  <datafield tag="338" ind1=" " ind2=" ">
   <subfield code="2">rdacarrier</subfield>
   <subfield code="a">volume</subfield>
  </datafield>
  <datafield tag="999" ind1=" " ind2=" ">
   <subfield code="a">CB-D.11/2020-1100</subfield>
  </datafield>
  <datafield tag="990" ind1=" " ind2=" ">
   <subfield code="a">CB-D.11/2020-1100</subfield>
  </datafield>
 </record>
</collection>
